| 000 | 00670nam a22002417a 4500 | ||
|---|---|---|---|
| 008 | 130424b xxu||||| |||| 00| 0 eng d | ||
| 020 | _a81-7648-332-x | ||
| 024 | _cAvailable | ||
| 037 | _cAvailable | ||
| 040 |
_aMBSTU LIBRARY _dMBSTU LIBRARY |
||
| 082 |
_222 _a341.759 PAS |
||
| 100 | _aPandey , Janak | ||
| 245 | _aSocial Development | ||
| 260 |
_aNew Delhi _bAPH Publisher Corporation _c2002 |
||
| 300 |
_a29 cm. _b410 page _f10 _g29 cm. |
||
| 600 | _aSocial development | ||
| 650 | _2Social development | ||
| 700 | _aPandey , Janak | ||
| 270 |
_aNew Delhi _bNew Delhi _dIndia |
||
| 365 |
_b1691.00 _d1691.00 |
||
| 942 |
_2ddc _cBK |
||
| 999 |
_c222 _d222 |
||